| 000 | 00462nam a2200169Ia 4500 | ||
|---|---|---|---|
| 001 | 12121 | ||
| 003 | GE_BSU | ||
| 008 | 181216s||||||||xx |||||||||||||| ||und|| | ||
| 040 | _cGE_BSU | ||
| 245 | _aКлиническая медицина.Том 92. №8 2014. | ||
| 245 | _cГл. ред. В.Б.Симоненко. | ||
| 260 | _aМосква | ||
| 260 | _c2014 | ||
| 300 | _a80 стр.29 см. | ||
| 653 | _aКлиническая медицина | ||
| 942 | _cCR | ||
| 999 |
_c45297 _d45297 |
||